El doctor Juan Comas Camps (Record no. 79379)
[ view plain ]
| 000 -LEADER | |
|---|---|
| campo de control de longitud fija | 00602nam a2200181 i 4500 |
| 001 - NÚMERO DE CONTROL | |
| campo de control | 79379 |
| 003 - IDENTIFICADOR DE NÚMERO DE CONTROL | |
| campo de control | ES-MaACL |
| 005 - FECHA Y HORA DE LA ÚLTIMA TRANSACCIÓN | |
| campo de control | 20230906173950.0 |
| 007 - CAMPO FIJO DE DESCRIPCIÓN FÍSICA--INFORMACIÓN GENERAL | |
| campo de control de longitud fija | t| |
| 008 - DATOS DE LONGITUD FIJA--INFORMACIÓN GENERAL | |
| campo de control de longitud fija | 041021s1976 sp |||| |bspa d |
| 100 1# - ENTRADA PRINCIPAL--NOMBRE DE PERSONA | |
| Nombre de persona | Hernández Mora, Juan. |
| 9 (RLIN) | 63003 |
| 245 13 - MENCIÓN DEL TÍTULO | |
| Título | El doctor Juan Comas Camps |
| Resto del título | : investigador emérito de la Universidad de México : noticia de su vida y de su obra / |
| Mención de responsabilidad, etc. | Juan Hernández Mora. |
| 260 ## - PUBLICACIÓN, DISTRIBUCIÓN, ETC. | |
| Lugar de publicación, distribución, etc. | Mahón : |
| Nombre del editor, distribuidor, etc. | [s.n., |
| Fecha de publicación, distribución, etc. | 1976] |
| 300 ## - DESCRIPCIÓN FÍSICA | |
| Extensión | 62 p., 1 lám. : |
| Otras características físicas | il. ; |
| Dimensiones | 25 cm. |
| 600 14 - PUNTO DE ACCESO ADICIONAL DE MATERIA--NOMBRE DE PERSONA | |
| Nombre de persona | Comas, Juan ( |
| Fechas asociadas al nombre | 1900-1979) |
| 9 (RLIN) | 39937 |
| 852 4# - LOCALIZACIÓN | |
| Ubicación | ES-MaACL |
| Número de control de estantería | A-7062 |
| 852 4# - LOCALIZACIÓN | |
| Ubicación | ES-MaACL |
| Número de control de estantería | A-6268 |
| Estatus retirado | Estado de pérdida | Estado de daño | No para préstamo | Biblioteca de origen | Biblioteca actual | Ubicación en estantería | Fecha de adquisición | Fuente de adquisición | Total de préstamos | Signatura topográfica completa | Código de barras | Visto por última vez | Precio de reemplazo | Tipo de ítem Koha |
|---|---|---|---|---|---|---|---|---|---|---|---|---|---|---|
| Biblioteca del Ateneo de Madrid | Biblioteca del Ateneo de Madrid | Sala Pecera Planta 1 | 17/01/2008 | A-6268 | 1083010 | 23/02/2023 | 23/02/2023 | Libro impreso | ||||||
| Biblioteca del Ateneo de Madrid | Biblioteca del Ateneo de Madrid | Sala Pecera Planta 1 | 17/01/2008 | A-7062 | 1083009 | 23/02/2023 | 23/02/2023 | Libro impreso |
